Biotech's dictionary of toxicology (Record no. 173447)

MARC details
000 -LEADER
fixed length control field 00414nam a2200157Ia 4500
008 - FIXED-LENGTH DATA ELEMENTS--GENERAL INFORMATION
fixed length control field 231217s9999 xx 000 0 und d
041 ## - LANGUAGE CODE
Language code of text/sound track or separate title English
082 ## - DEWEY DECIMAL CLASSIFICATION NUMBER
Classification number 615.9 ARO;1 R
100 ## - MAIN ENTRY--PERSONAL NAME
Personal name Arora, Dinesh comp. and ed
245 #0 - TITLE STATEMENT
Title Biotech's dictionary of toxicology
250 ## - EDITION STATEMENT
Edition statement 1st ed.
260 ## - PUBLICATION, DISTRIBUTION, ETC.
Date of publication, distribution, etc. 2004
Name of publisher, distributor, etc. Biotech Books
Place of publication, distribution, etc. Delhi
300 ## - PHYSICAL DESCRIPTION
Extent 344
650 ## - SUBJECT ADDED ENTRY--TOPICAL TERM
Topical term or geographic name entry element Biotech's,dictionary,toxicology
942 ## - ADDED ENTRY ELEMENTS (KOHA)
Koha item type Books
Holdings
Date last seen Total checkouts Full call number Accession number Cost, total (INR) price Price effective from Category Lost status Damaged status Department Withdrawn status Home library Current library Shelving location Entry date Vendor Cost, normal purchase price Grants Billnumber Billdate Currency symbol Conversion rate Discount Old discount
26/01/2024   615.9 ARO;1 R 30665 396.00 26/01/2024 Books     Central Library   Central Library Central Library Central Library 27/10/2004 Royal Biblioman 495.00 BT 360 26/03/2007 RS 1 99 20

© For any Suggestions or Query, please contact the library staff @ librarian@pes.edu or Phone: +9180 2672 1983/ 2108.